|
|
|
|
| LEADER |
00000nlm0a2200000 4500 |
| 001 |
118727 |
| 005 |
20231101215505.0 |
| 035 |
|
|
|a (RuTPU)RU\TPU\book\128473
|
| 090 |
|
|
|a 118727
|
| 100 |
|
|
|a 20070618d2007 k y0rusy50 ca
|
| 101 |
0 |
|
|a rus
|
| 102 |
|
|
|a RU
|
| 105 |
|
|
|a a dm 001zy
|
| 135 |
|
|
|a drbn ---uucaa
|
| 181 |
|
0 |
|a i
|
| 182 |
|
0 |
|a b
|
| 200 |
1 |
|
|a Электрические и газочувствительные характеристики полупроводниковых сенсоров на основе тонких пленок SnO2
|b Электронный ресурс
|e автореферат диссертации на соискание ученой степени кандидата физико-математических наук
|f О. В. Анисимов
|g Сибирский физико-технический институт при Томском Госуниверситете; науч. рук. Н. К. Максимова
|
| 203 |
|
|
|a Текст
|c электронный
|
| 210 |
|
|
|a Томск
|c [Б. и.]
|d 2007
|
| 215 |
|
|
|a 1 файл (376 Kb)
|
| 230 |
|
|
|a Электронные текстовые данные (1 файл : 376 Kb)
|
| 300 |
|
|
|a Заглавие с титульного экрана
|
| 300 |
|
|
|a Электронная версия печатной публикации
|
| 337 |
|
|
|a Adobe Reader
|
| 452 |
|
1 |
|0 (RuTPU)RU\TPU\book\126164
|t Электрические и газочувствительные характеристики полупроводниковых сенсоров на основе тонких пленок SnO2
|o автореферат диссертации на соискание ученой степени кандидата физико-математических наук
|o спец. 01.04.10
|f О. В. Анисимов
|g Сибирский физико-технический институт при Томском Госуниверситете; науч. рук. Н. К. Максимова
|c Томск
|n Б.и.
|d 2007
|p 19 с.
|a Анисимов, Олег Викторович
|
| 606 |
1 |
|
|a Сенсоры химические
|2 stltpush
|3 (RuTPU)RU\TPU\subj\73414
|9 86438
|
| 610 |
1 |
|
|a полупроводниковые газовые сенсоры
|
| 610 |
1 |
|
|a физико-химические свойства
|
| 610 |
1 |
|
|a получение
|
| 610 |
1 |
|
|a тонкопленочные газовые сенсоры
|
| 610 |
1 |
|
|a исследование
|
| 610 |
1 |
|
|a тонкие пленки
|
| 610 |
1 |
|
|a структура
|
| 610 |
1 |
|
|a влияние
|
| 610 |
1 |
|
|a электрические характеристики
|
| 610 |
1 |
|
|a газочувсвительные характеристики
|
| 610 |
1 |
|
|a электропроводность
|
| 610 |
1 |
|
|a адсорбционный отклик
|
| 610 |
1 |
|
|a восстановительные газы
|
| 610 |
1 |
|
|a газочувсвительные элементы
|
| 610 |
1 |
|
|a деградация
|
| 610 |
1 |
|
|a авторефераты диссертаций
|
| 610 |
1 |
|
|a труды учёных ТПУ
|
| 610 |
1 |
|
|a электронный ресурс
|
| 675 |
|
|
|a 543.07(04)
|v 3
|
| 686 |
|
|
|a 01.04.10
|2 oksvnk
|
| 700 |
|
1 |
|a Анисимов
|b О. В.
|g Олег Викторович
|
| 702 |
|
1 |
|a Максимова
|b Н. К.
|g Надежда Кузьминична
|4 727
|
| 712 |
0 |
2 |
|a Томский государственный университет (ТГУ)
|b Сибирский физико-технический институт им. В. Д. Кузнецова (СФТИ)
|2 stltpush
|3 (RuTPU)RU\TPU\col\861
|
| 801 |
|
1 |
|a RU
|b 63413507
|c 20070618
|g PSBO
|
| 801 |
|
2 |
|a RU
|b 63413507
|c 20140908
|g PSBO
|
| 856 |
4 |
|
|u http://www.lib.tpu.ru/fulltext/a/2007/17.pdf
|
| 942 |
|
|
|c CF
|